| 000 | 00746cam a2200229 i 4500 | ||
|---|---|---|---|
| 001 | 4662401 | ||
| 003 | BD-DhUL | ||
| 005 | 20170227184900.0 | ||
| 008 | 800314s2004 bg m 000 0 eng d | ||
| 010 | _a 80012902 | ||
| 040 |
_aBD-DhUL _cDLC _dDLC _dBD-DhUL |
||
| 050 | 0 | 0 |
_aQA76 _b.L78 1981 |
| 082 | 0 | 0 |
_a331.4 _2 _bMAF |
| 100 | 1 | _aMayee | |
| 245 | 1 | 0 |
_aFemale headed household in Bangladesh : _bthe case of livelihoods of the poor / _cMayee _h[Thesis MPhil] |
| 260 |
_aDhaka : _bUniversity of Dhaka, _c2004. |
||
| 300 |
_axvi, 170 p. : _bill. ; _c29 cm. |
||
| 500 | _aThesis (MPhil) --Department of Psychology, University of Dhaka. | ||
| 504 | _aIncludes bibliographical references. | ||
| 650 | 4 |
_aWomen _xEmployment. |
|
| 942 |
_2ddc _cREF |
||
| 999 |
_c158684 _d158684 |
||